| 000 | 04995 a2200445 4500 | ||
|---|---|---|---|
| 005 | 20081107160915.0 | ||
| 008 | 081107t xxu||||| |||| 00| 0 hin d | ||
| 010 | _aHIN-84734 B-286934-946 | ||
| 020 |
_a8170436176 _c350.00 |
||
| 035 | _aHN-57080 B-286934-946 | ||
| 037 | _bDBAD / PUB आत्माराम एण्ड सन्ज | ||
| 040 |
_aDPL _bHN |
||
| 082 | _a954 | ||
| 100 | _aहरिदत्त वेदालंकार | ||
| 245 |
_aभारत का सांस्कृतिक इतिहास / _cहरिदत्त वेदालंकार |
||
| 246 |
_aBhaarata kaa Saanskritika Itihasa _bby Hari Dutt Vedalankar |
||
| 260 |
_aदिल्ली _bआत्माराम एण्ड सन्ज़ _c2008 |
||
| 270 |
_a1376, कश्मीरी गेट _bदिल्ली _e110006 _k011 23946466, 23973082 _matmaram_books@hotmail.com |
||
| 300 |
_a279पृ. _c22सेमी (सजिल्द) |
||
| 651 |
_aभारत _xइतिहास |
||
| 651 |
_aIndia _xHistory |
||
| 651 |
_aभारत _xसभ्यता |
||
| 651 |
_aIndia _xCivilization |
||
| 942 |
_adpl _cHN _2ddc _mवेदालं _h954 |
||
| 999 |
_c12253 _d12253 |
||